Bílá nemoc /
Diktátor (“Maršál”), který chce zahájit válku (dobová paralela na Adolfa Hitlera). V téže době se objevuje nakažlivá neznámá nemoc, která zabijí lidi. Mírumilovný lékař (dr. Galén) nachází lék. Bohaté lidi ale vyléčit nechce, pokud nejsou ochotni brojit proti válce. Maršálovým přítelem je také majit...
Uloženo v:
| Hlavní autor: | |
|---|---|
| Médium: | E-kniha |
| Jazyk: | Czech |
| Vydáno: |
Praha :
Artis,
2021
|
| Tagy: |
Žádné tagy |
| LEADER | 02032nam a22002297i 4500 | ||
|---|---|---|---|
| 001 | 311366 | ||
| 007 | ta | ||
| 008 | 260601s2021 xr ||||| |||| 00| 0 cze d | ||
| 020 | |a 9990003311689 | ||
| 044 | |a xr | ||
| 100 | 1 | |a Čapek, Karel |4 aut | |
| 245 | 1 | 0 | |a Bílá nemoc / |c Čapek, Karel |
| 264 | 1 | |a Praha : |b Artis, |c 2021 | |
| 300 | |a 1 online zdroj (55 stran) | ||
| 336 | |a text |b txt |2 rdacontent | ||
| 337 | |a bez média |b n |2 rdamedia | ||
| 338 | |a online zdroj |b cr |2 rdacarrier | ||
| 520 | 2 | |a Diktátor (“Maršál”), který chce zahájit válku (dobová paralela na Adolfa Hitlera). V téže době se objevuje nakažlivá neznámá nemoc, která zabijí lidi. Mírumilovný lékař (dr. Galén) nachází lék. Bohaté lidi ale vyléčit nechce, pokud nejsou ochotni brojit proti válce. Maršálovým přítelem je také majitel zbrojovky baron Krüg, který také bílou nemocí onemocní. Dr. Galén, který zažil válku, jej odmítne léčit (dá továrníkovi ultimátum – nechce jej léčit dokud nepřestane vyrábět zbraně), proto je předvolán maršálem, přesto odmítá maršálova přítele léčit, pokud bude maršál pokračovat ve zbrojení. Baron Krüg se posléze sám zastřelí. Poté, co později maršál promlouvá k davu, si na prsou najde bílou skvrnu. Nakonec je ochoten vzdát se plánů na válku a ovládnutí světa, pokud jej dr. Galén vyléčí. Dr. Galén jde tedy pro léky a cestou zpět prochází skrz zfanatizovaný dav, kterým je ubit). Zfanatizovaný člověk z davu vysype obsah doktorova kufříku a nalézá ampulky s lékem, které rozšlape, doktor Galén sám zahyne ušlapán davem. | |
| 910 | |a RBIT002 | ||
| 998 | |d 331168 |a https://core.palmknihy.cz/api/books/331168/cover?qw6o8l |b https://core.palmknihy.cz/api/books/331168/cover/400?qw6o8l |c https://core.palmknihy.cz/api/books/331168/cover/50?qw6o8l |e 2099-01-01 |g 55 |i 9990003311689 |j https://core.palmknihy.cz/api/books/331168/preview.epub |l |q 49 |r 1 |s https://www.palmknihy.cz/kniha/331168 |t ebook |y 2021 |z 1 | ||
| 999 | |d 311364 | ||